[Event "Manizales Feria op 29th"]
[Site "Manizales"]
[Date "2024.01.08"]
[Round "6"]
[White "Bermudez, Edilson Enrique"]
[Black "Valderrama Castano, Julian Camilo"]
[Result "0-1"]
[WhiteElo "1692"]
[BlackElo "1888"]
[PlyCount "80"]
[EventDate "2024.01.05"]
[EventType "swiss"]
[EventRounds "7"]
[EventCountry "COL"]
[SourceTitle "CB02_2024"]
[SourceDate "2024.01.10"]
[SourceVersion "1"]
[SourceVersionDate "2024.01.10"]
[SourceQuality "1"]

1. d4 f5 2. c4 Nf6 3. Nc3 g6 4. h4 Bg7 5. h5 Nxh5 6. Rxh5 gxh5 7. e4 0-0 8. Bg5 c6 9. Be2 d6 10. Nf3 Qc7 11. Qd2 e5 12. dxe5 dxe5 13. 0-0-0 f4 14. c5 Bg4 15. Bc4+ Kh8 16. Bd8 Qd7 17. Qc2 Qe8 18. Bc7 Bxf3 19. gxf3 Nd7 20. Bd6 Rf6 21. Rh1 b5 22. Bb3 Bf8 23. Rg1 Bxd6 24. Rg8+ Qxg8 25. Bxg8 Rxg8 26. cxd6 Rg1+ 27. Kd2 h4 28. Nxb5 h3 29. Qxc6 h2 30. Qxd7 h1Q 31. Qd8+ Kg7 32. Qe7+ Kg6 33. Nc3 Qxf3 34. Qe8+ Kh6 35. Qxe5 Qxf2+ 36. Kd3 Rgg6 37. Nd5 Rxd6 38. Kc4 Qc2+ 39. Kb4 Rb6+ 40. Nxb6 Rxb6+ 0-1

[Event "Medellin Flores op 30th"]
[Site "Medellin"]
[Date "2023.08.04"]
[Round "3"]
[White "Bermudez, Edilson Enrique"]
[Black "Castano Garzon, Brenda Estefania"]
[Result "1-0"]
[WhiteElo "1691"]
[BlackElo "1471"]
[PlyCount "37"]
[EventDate "2023.08.03"]
[EventType "swiss"]
[EventRounds "9"]
[EventCountry "COL"]
[SourceTitle "EXT 2024"]
[Source "ChessBase"]
[SourceDate "2023.10.10"]
[SourceVersion "1"]
[SourceVersionDate "2023.10.10"]
[SourceQuality "1"]

1. d4 Nf6 2. c4 d5 3. Nc3 e6 4. cxd5 exd5 5. Bg5 Be7 6. e3 0-0 7. Bd3 c6 8. Qc2 Nbd7 9. Nf3 Re8 10. 0-0 Nf8 11. Rab1 Be6 12. b4 Qd7 13. Rfc1 Rab8 14. Na4 b6 15. Ne5 Qb7 16. Nxc6 Rbc8 17. Nxe7+ Qxe7 18. Qb3 Rxc1+ 19. Rxc1 1-0

[Event "Medellin Aristizabal Cup"]
[Site "Medellin"]
[Date "2022.07.10"]
[Round "5"]
[White "Lujan Gil, Mateo"]
[Black "Bermudez, Edilson Enrique"]
[Result "0-1"]
[WhiteElo "1544"]
[BlackElo "1738"]
[PlyCount "72"]
[EventDate "2022.07.08"]
[EventType "swiss"]
[EventRounds "7"]
[EventCountry "COL"]
[SourceTitle "CBM 209 Extra"]
[Source "ChessBase"]
[SourceDate "2022.09.30"]
[SourceVersion "1"]
[SourceVersionDate "2022.09.30"]
[SourceQuality "1"]

1. Nf3 c6 2. g3 d5 3. Bg2 Nf6 4. d3 Bf5 5. 0-0 Qc8 6. Re1 Bh3 7. Bh1 h6 8. e4 e6 9. e5 Nfd7 10. d4 Be7 11. Nbd2 Qc7 12. c3 c5 13. Nf1 Nc6 14. Ne3 h5 15. Ng2 cxd4 16. cxd4 Rc8 17. Nf4 Bf5 18. Be3 Nb6 19. Nd2 g5 20. Nxh5 Nb4 21. Ng7+ Kf8 22. Nxf5 exf5 23. Rc1 Qd7 24. Qb3 f4 25. gxf4 Qg4+ 26. Bg2 gxf4 27. f3 Qh4 28. Bf2 Qxh2+ 29. Kf1 Rg8 30. Bh1 Qxh1+ 31. Ke2 Qh2 32. Rxc8+ Nxc8 33. a3 Rg2 34. Rf1 Nb6 35. axb4 Bh4 36. Qd3 Bxf2 0-1

[Event "Medellin Aristizabal Cup"]
[Site "Medellin"]
[Date "2022.07.09"]
[Round "2"]
[White "Bermudez, Edilson Enrique"]
[Black "Zapata Montoya, Andres Geronimo"]
[Result "0-1"]
[WhiteElo "1738"]
[BlackElo "1953"]
[PlyCount "88"]
[EventDate "2022.07.08"]
[EventType "swiss"]
[EventRounds "7"]
[EventCountry "COL"]
[SourceTitle "CBM 209 Extra"]
[Source "ChessBase"]
[SourceDate "2022.09.30"]
[SourceVersion "1"]
[SourceVersionDate "2022.09.30"]
[SourceQuality "1"]

1. d4 d5 2. c4 dxc4 3. Nc3 Nf6 4. e4 e5 5. d5 Bd6 6. Bxc4 0-0 7. Nge2 a6 8. Ng3 Nbd7 9. 0-0 Re8 10. f3 Nf8 11. Be3 Ng6 12. Qd2 Qe7 13. Rac1 Nf4 14. Nce2 g5 15. a3 Kh8 16. b4 b6 17. Nh1 Rg8 18. g4 a5 19. Qc2 axb4 20. axb4 Bxb4 21. Bb5 Bd6 22. Nhg3 Ra3 23. Bd2 h5 24. Nf5 Bxf5 25. gxf5 Nh3+ 26. Kh1 g4 27. f4 exf4 28. Bd3 g3 29. hxg3 fxg3 30. Kg2 Nf2 31. Bc3 Be5 32. Qd2 Bxc3 33. Nxc3 Rg7 34. e5 Qxe5 35. Rfe1 Qd6 36. Bb1 Ra8 37. Ba2 h4 38. Nb5 h3+ 39. Kg1 Rxa2 40. Qh6+ Rh7 41. Nxd6 Rxh6 42. Nxf7+ Kg7 43. Nxh6 Kxh6 44. Ra1 Rd2 0-1

[Event "Medellin Aristizabal Cup"]
[Site "Medellin"]
[Date "2022.07.09"]
[Round "3"]
[White "Gallon Ramirez, Tomas"]
[Black "Bermudez, Edilson Enrique"]
[Result "0-1"]
[WhiteElo "1329"]
[BlackElo "1738"]
[PlyCount "48"]
[EventDate "2022.07.08"]
[EventType "swiss"]
[EventRounds "7"]
[EventCountry "COL"]
[SourceTitle "CBM 209 Extra"]
[Source "ChessBase"]
[SourceDate "2022.09.30"]
[SourceVersion "1"]
[SourceVersionDate "2022.09.30"]
[SourceQuality "1"]

1. d4 Nf6 2. c4 c5 3. d5 g6 4. Nc3 Bg7 5. e4 d6 6. Be2 0-0 7. Nf3 Na6 8. 0-0 Bd7 9. h3 Nc7 10. a4 b6 11. Ne1 a6 12. f4 Rb8 13. Nf3 b5 14. e5 Nfe8 15. a5 bxc4 16. Bxc4 Nb5 17. e6 fxe6 18. Ng5 Nxc3 19. bxc3 Bxc3 20. dxe6 Bb5 21. Bxb5 Bxa1 22. Bd3 Ng7 23. f5 gxf5 24. Bxf5 Rxf5 0-1

[Event "COL-ch U2000"]
[Site "Pereira"]
[Date "2022.02.20"]
[Round "9"]
[White "Alvarez Gamez, Ismael"]
[Black "Bermudez, Edilson Enrique"]
[Result "1-0"]
[WhiteElo "1953"]
[BlackElo "1733"]
[PlyCount "46"]
[EventDate "2022.02.16"]
[EventType "swiss"]
[EventRounds "9"]
[EventCountry "COL"]
[SourceTitle "CBM 207 Extra"]
[Source "ChessBase"]
[SourceDate "2022.05.31"]
[SourceVersion "1"]
[SourceVersionDate "2022.05.31"]
[SourceQuality "1"]

1. e4 c6 2. d4 d5 3. Nc3 dxe4 4. Nxe4 g6 5. Bg5 Nf6 6. Nxf6+ exf6 7. Be3 Bg7 8. Qd2 Bf5 9. Bd3 Bxd3 10. Qxd3 f5 11. 0-0-0 Qd5 12. Kb1 Qxg2 13. Ne2 Na6 14. d5 cxd5 15. Qb5+ Kf8 16. Qxb7 Re8 17. Qxa6 h6 18. Qd6+ Kg8 19. Qxd5 Qg4 20. Nf4 Rb8 21. b3 Kh7 22. Rdg1 Qh4 23. Qxf7 g5 1-0

[Event "COL-ch U2000"]
[Site "Pereira"]
[Date "2022.02.18"]
[Round "5"]
[White "Palacios Parra, Ivan"]
[Black "Bermudez, Edilson Enrique"]
[Result "1-0"]
[WhiteElo "1936"]
[BlackElo "1733"]
[PlyCount "102"]
[EventDate "2022.02.16"]
[EventType "swiss"]
[EventRounds "9"]
[EventCountry "COL"]
[SourceTitle "CBM 207 Extra"]
[Source "ChessBase"]
[SourceDate "2022.05.31"]
[SourceVersion "1"]
[SourceVersionDate "2022.05.31"]
[SourceQuality "1"]

1. e4 c6 2. Nf3 d5 3. Nc3 Bg4 4. h3 Bxf3 5. Qxf3 e6 6. d3 d4 7. Ne2 c5 8. Ng3 Nc6 9. Bd2 Nb4 10. Qd1 Bd6 11. Be2 Qc7 12. 0-0 Ne7 13. f4 e5 14. f5 f6 15. a3 Nbc6 16. Bh5+ Kd7 17. Bf7 Nd8 18. Ba2 Ng8 19. Qg4 Bf8 20. Nh5 Kc6 21. Bxg8 Rxg8 22. Nxf6 Rh8 23. Nxh7 Bd6 24. Ng5 Be7 25. Ne6 Nxe6 26. fxe6 Bf6 27. Bg5 Qe7 28. Bxf6 gxf6 29. Qf5 Raf8 30. c3 Kd6 31. cxd4 cxd4 32. Rac1 Qxe6 33. Qxe6+ Kxe6 34. Rc7 Rf7 35. Rfc1 Rhh7 36. Rxf7 Rxf7 37. g4 Rg7 38. Kf2 Re7 39. Kg3 Kf7 40. Rc8 Kg6 41. b4 Re6 42. b5 Re7 43. a4 a6 44. b6 a5 45. Rc7 Re6 46. Rxb7 Rc6 47. Rb8 Kg7 48. b7 Rb6 49. g5 Rb3 50. gxf6+ Kf7 51. Rh8 Rb2 1-0

[Event "COL-ch U2000"]
[Site "Pereira"]
[Date "2022.02.16"]
[Round "1"]
[White "Bermudez, Edilson Enrique"]
[Black "Lopez Ramirez, Daniel Giovanny"]
[Result "0-1"]
[WhiteElo "1733"]
[BlackElo "1876"]
[PlyCount "86"]
[EventDate "2022.02.16"]
[EventType "swiss"]
[EventRounds "9"]
[EventCountry "COL"]
[SourceTitle "CBM 207 Extra"]
[Source "ChessBase"]
[SourceDate "2022.05.31"]
[SourceVersion "1"]
[SourceVersionDate "2022.05.31"]
[SourceQuality "1"]

1. d4 d6 2. c4 e5 3. dxe5 dxe5 4. Qc2 g6 5. Nc3 Nc6 6. Nf3 h6 7. a3 Bg7 8. g3 Bf5 9. e4 Bg4 10. Bg2 Bxf3 11. Bxf3 Nd4 12. Qd1 Ne7 13. 0-0 0-0 14. Bg2 Nec6 15. Be3 Ne6 16. Ne2 Qxd1 17. Rfxd1 Rfd8 18. Bh3 Ned4 19. Nxd4 exd4 20. Bf4 Re8 21. Bg2 Re7 22. h4 Na5 23. Rac1 Nb3 24. Rb1 Nc5 25. e5 Rd8 26. b4 Na4 27. Rb3 c6 28. Kf1 Kh7 29. Be4 Bxe5 30. Bxe5 Rxe5 31. Bd3 Kg7 32. Re1 Rde8 33. Rbb1 Rxe1+ 34. Rxe1 Rxe1+ 35. Kxe1 Kf6 36. Kd2 g5 37. hxg5+ hxg5 38. f4 gxf4 39. gxf4 Nb2 40. Bf1 Kf5 41. Kc2 Na4 42. Bh3+ Kxf4 43. Bc8 Ke3 0-1

[Event "Manizales op 27th"]
[Site "Manizales"]
[Date "2022.01.10"]
[Round "8"]
[White "Villamizar, Diego Fernando"]
[Black "Bermudez, Edilson Enrique"]
[Result "0-1"]
[WhiteElo "1958"]
[BlackElo "1699"]
[PlyCount "62"]
[EventDate "2022.01.06"]
[EventType "swiss"]
[EventRounds "8"]
[EventCountry "COL"]
[SourceTitle "CBM 206 Extra"]
[Source "ChessBase"]
[SourceDate "2022.03.31"]
[SourceVersion "1"]
[SourceVersionDate "2022.03.31"]
[SourceQuality "1"]

1. e4 c6 2. d4 d5 3. exd5 cxd5 4. c4 Nf6 5. Nf3 e6 6. Nc3 Be7 7. Bd3 0-0 8. 0-0 a6 9. c5 Nc6 10. Bf4 b6 11. cxb6 Qxb6 12. Na4 Qa5 13. Rc1 Bd7 14. a3 Rfc8 15. Nc5 Bxc5 16. Rxc5 Qb6 17. b4 Na7 18. Be5 Bb5 19. Re1 Bxd3 20. Qxd3 Ne4 21. Rxe4 dxe4 22. Qxe4 Qd8 23. Qg4 Qf8 24. h4 Nc6 25. Bxg7 f5 26. Bxf8+ fxg4 27. Ng5 Kxf8 28. Nxe6+ Ke7 29. d5 Ne5 30. Ra5 Nc4 31. Ra4 Kd6 0-1

[Event "Manizales op 27th"]
[Site "Manizales"]
[Date "2022.01.09"]
[Round "7"]
[White "Bermudez, Edilson Enrique"]
[Black "Zapata Cuartas, Juan Carlos"]
[Result "0-1"]
[WhiteElo "1699"]
[BlackElo "2056"]
[PlyCount "138"]
[EventDate "2022.01.06"]
[EventType "swiss"]
[EventRounds "8"]
[EventCountry "COL"]
[SourceTitle "CBM 206 Extra"]
[Source "ChessBase"]
[SourceDate "2022.03.31"]
[SourceVersion "1"]
[SourceVersionDate "2022.03.31"]
[SourceQuality "1"]

1. d4 Nf6 2. c4 c5 3. Nf3 cxd4 4. Nxd4 e6 5. g3 a6 6. Bg2 Qc7 7. b3 Bb4+ 8. Bd2 Be7 9. 0-0 0-0 10. Nc3 Nc6 11. Nxc6 dxc6 12. e4 e5 13. h3 Be6 14. Be3 Rad8 15. Qc2 Nd7 16. Rad1 f6 17. Kh2 Bf7 18. Bf3 Nc5 19. Be2 Ne6 20. Na4 c5 21. Nc3 Nd4 22. Bxd4 cxd4 23. Nd5 Bxd5 24. exd5 f5 25. Kg2 Bc5 26. f3 Rd6 27. Qd2 a5 28. Bd3 Rg6 29. g4 e4 30. fxe4 fxg4 31. Rxf8+ Bxf8 32. h4 Qe5 33. c5 b6 34. Rf1 Bxc5 35. Rf5 Qe7 36. Qf4 h6 37. h5 Rg5 38. e5 Rxf5 39. Qxf5 Qf8 40. Qh7+ Kf7 41. Qf5+ Kg8 42. Qxg4 g5 43. hxg6 Qe7 44. d6 Qxe5 45. Bc4+ Kg7 46. Qd7+ Kxg6 47. Qf7+ Kg5 48. Qg8+ Kh4 49. Qd8+ Qg5+ 50. Qxg5+ Kxg5 51. d7 Be7 52. Kf3 Kf5 53. Bf7 Ke5 54. Ke2 Bd8 55. Kd3 b5 56. a4 b4 57. Be8 Bb6 58. Bf7 Kf6 59. Bc4 Ke7 60. Bb5 h5 61. Ke4 h4 62. Kf3 Kd6 63. Kg4 Bd8 64. Kf4 Bf6 65. Kf5 Ke7 66. d8Q+ Kxd8 67. Kxf6 h3 68. Ke5 h2 69. Bc6 d3 0-1

[Event "Manizales op 27th"]
[Site "Manizales"]
[Date "2022.01.08"]
[Round "5"]
[White "Bermudez, Edilson Enrique"]
[Black "Olarte Parra, Jhoan Sebastian"]
[Result "1/2-1/2"]
[WhiteElo "1699"]
[BlackElo "1952"]
[PlyCount "98"]
[EventDate "2022.01.06"]
[EventType "swiss"]
[EventRounds "8"]
[EventCountry "COL"]
[SourceTitle "CBM 206 Extra"]
[Source "ChessBase"]
[SourceDate "2022.03.31"]
[SourceVersion "1"]
[SourceVersionDate "2022.03.31"]
[SourceQuality "1"]

1. d4 Nf6 2. c4 e6 3. Nc3 d5 4. Bg5 Be7 5. cxd5 exd5 6. e3 h6 7. Bxf6 Bxf6 8. Bd3 c6 9. Nge2 0-0 10. 0-0 Nd7 11. b4 Be7 12. b5 Nf6 13. bxc6 bxc6 14. Qc2 Bd6 15. Na4 Bd7 16. h3 Re8 17. Nc5 Qc7 18. Rfc1 Bxc5 19. Qxc5 Qb6 20. Qa3 Rab8 21. Rab1 Qc7 22. Nc3 Rxb1 23. Rxb1 g6 24. Qa6 Bc8 25. Qa3 Kg7 26. Ba6 Bxa6 27. Qxa6 Re7 28. Na4 Ne4 29. Rc1 Re6 30. Nc5 Nxc5 31. Rxc5 Qb6 32. Qe2 h5 33. Qc2 g5 34. Rc3 g4 35. hxg4 hxg4 36. Rb3 Qa5 37. Rc3 Rf6 38. a3 Qc7 39. g3 Qd7 40. e4 dxe4 41. Qxe4 Rd6 42. Rd3 Rd5 43. Rc3 Rxd4 44. Qxc6 Qxc6 45. Rxc6 Ra4 46. Rc3 Kf6 47. Kf1 Ke5 48. Ke2 f5 49. Ke3 Re4+ 1/2-1/2

[Event "COL Subzt 2.3.4"]
[Site "Risarald"]
[Date "2021.11.28"]
[Round "9"]
[White "Bermudez, Edilson Enrique"]
[Black "Pereira Vera, Henry Alberto"]
[Result "1/2-1/2"]
[WhiteElo "1597"]
[BlackElo "1817"]
[PlyCount "21"]
[EventDate "2021.11.23"]
[EventType "swiss"]
[EventRounds "9"]
[EventCountry "COL"]
[SourceTitle "CBM 205 Extra"]
[Source "ChessBase"]
[SourceDate "2022.01.31"]
[SourceVersion "1"]
[SourceVersionDate "2022.01.31"]
[SourceQuality "1"]

1. d4 Nf6 2. c4 e6 3. Nc3 Bb4 4. f3 d5 5. Bg5 0-0 6. cxd5 exd5 7. e3 Bf5 8. Bd3 Bxd3 9. Qxd3 Re8 10. Nge2 h6 11. Bh4 1/2-1/2

[Event "COL Subzt 2.3.4"]
[Site "Risarald"]
[Date "2021.11.25"]
[Round "4"]
[White "Manrique Bermudez, Josue"]
[Black "Bermudez, Edilson Enrique"]
[Result "0-1"]
[WhiteElo "1352"]
[BlackElo "1597"]
[PlyCount "126"]
[EventDate "2021.11.23"]
[EventType "swiss"]
[EventRounds "9"]
[EventCountry "COL"]
[SourceTitle "CBM 205 Extra"]
[Source "ChessBase"]
[SourceDate "2022.01.31"]
[SourceVersion "1"]
[SourceVersionDate "2022.01.31"]
[SourceQuality "1"]

1. d4 Nf6 2. c4 c5 3. d5 b5 4. Qc2 g6 5. e4 d6 6. f4 Bg7 7. Nf3 Bg4 8. Nbd2 0-0 9. Be2 bxc4 10. Qxc4 Nbd7 11. 0-0 Rb8 12. a3 Nb6 13. Qc2 Bd7 14. Rb1 c4 15. Bxc4 Qc7 16. Bd3 Qb7 17. Nc4 Nxc4 18. Bxc4 Rfc8 19. Qe2 Rxc4 20. Qxc4 Bb5 21. Qc2 Bxf1 22. Kxf1 Qb5+ 23. Kg1 Qa6 24. Bd2 Rc8 25. Bc3 Ng4 26. Qd2 Bxc3 27. bxc3 Qxa3 28. Rc1 a5 29. Rc2 a4 30. h3 Nf6 31. Qe1 Qc5+ 32. Kh1 a3 33. c4 Rb8 34. Qe2 Nh5 35. Kh2 Nxf4 36. Qd2 Nh5 37. Qe2 Rb1 38. e5 Nf4 39. Qe4 Rb2 40. Rxb2 axb2 41. Qc2 Qb4 42. Nd2 dxe5 43. c5 Nxd5 44. c6 e4 45. c7 Qd6+ 46. g3 Nxc7 47. Qxb2 e3 48. Ne4 Qd8 49. Qb6 e2 50. Qf2 Qd1 51. Ng5 f6 52. Nf3 Qf1 53. Qe3 e5 54. Qb3+ Kf8 55. Qb8+ Ne8 56. Qb4+ Kg7 57. Qe7+ Kh6 58. Qf8+ Ng7 59. h4 Qxf3 60. h5 e1Q 61. Qxg7+ Kxg7 62. h6+ Kf7 63. g4 Qeh1# 0-1

[Event "COL Subzt 2.3.4"]
[Site "Risarald"]
[Date "2021.11.24"]
[Round "3"]
[White "Bermudez, Edilson Enrique"]
[Black "Torres, Jorge Emilio"]
[Result "0-1"]
[WhiteElo "1597"]
[BlackElo "2049"]
[PlyCount "62"]
[EventDate "2021.11.23"]
[EventType "swiss"]
[EventRounds "9"]
[EventCountry "COL"]
[SourceTitle "CBM 205 Extra"]
[Source "ChessBase"]
[SourceDate "2022.01.31"]
[SourceVersion "1"]
[SourceVersionDate "2022.01.31"]
[SourceQuality "1"]

1. d4 Nf6 2. c4 g6 3. Nc3 d5 4. cxd5 Nxd5 5. e4 Nxc3 6. bxc3 Bg7 7. Nf3 c5 8. Rb1 cxd4 9. cxd4 0-0 10. Be2 b6 11. 0-0 Bb7 12. e5 Bd5 13. a4 Nc6 14. Bg5 h6 15. Be3 Rc8 16. Qd2 Kh7 17. Nh4 e6 18. g3 Na5 19. Bf3 Rc4 20. Rb4 Bxf3 21. Nxf3 Qd5 22. Rxc4 Qxc4 23. h4 Qxa4 24. h5 Rc8 25. hxg6+ fxg6 26. Qd3 Qc4 27. Qe4 Qc2 28. Qh4 Qf5 29. Ng5+ Kg8 30. g4 hxg5 31. Bxg5 Qf3 0-1

[Event "Medellin Antioquia 2nd League"]
[Site "Medellin"]
[Date "2021.??.??"]
[Round "5"]
[White "Bermudez, Edilson Enrique"]
[Black "Ramos, Jorge Andres"]
[Result "0-1"]
[WhiteElo "1649"]
[BlackElo "1756"]
[PlyCount "80"]
[EventDate "2021.08.31"]
[EventType "swiss"]
[EventRounds "7"]
[EventCountry "COL"]
[SourceTitle "CBM 204 Extra"]
[Source "ChessBase"]
[SourceDate "2021.11.30"]
[SourceVersion "1"]
[SourceVersionDate "2021.11.30"]
[SourceQuality "1"]

1. d4 Nf6 2. c4 e6 3. Nc3 d5 4. cxd5 Nxd5 5. e4 Nxc3 6. bxc3 c5 7. Bb5+ Bd7 8. Bxd7+ Nxd7 9. Nf3 cxd4 10. cxd4 Bb4+ 11. Bd2 Bxd2+ 12. Qxd2 0-0 13. 0-0 Nf6 14. Rfe1 Rc8 15. Rab1 Rc7 16. Qf4 Qb8 17. Rb5 Rc2 18. Qh4 h6 19. g4 Qf4 20. Qg3 Qxg4 21. h3 Qxg3+ 22. fxg3 b6 23. d5 exd5 24. exd5 Rd8 25. Rd1 Ne4 26. Rd3 Rxa2 27. g4 Rc8 28. Rb1 Nd6 29. Nd4 Rc5 30. Nf5 Nxf5 31. gxf5 Rc7 32. d6 Rd7 33. Rc1 Kh7 34. Kf1 Ra5 35. Rc7 Rxf5+ 36. Ke2 Rxc7 37. dxc7 Rc5 38. Rd7 f5 39. h4 a5 40. h5 a4 0-1

[Event "Medellin Antioquia 2nd League"]
[Site "Medellin"]
[Date "2021.??.??"]
[Round "2"]
[White "Martinez Serna, Juan Esteban"]
[Black "Bermudez, Edilson Enrique"]
[Result "1-0"]
[WhiteElo "1453"]
[BlackElo "1649"]
[PlyCount "127"]
[EventDate "2021.08.31"]
[EventType "swiss"]
[EventRounds "7"]
[EventCountry "COL"]
[SourceTitle "CBM 204 Extra"]
[Source "ChessBase"]
[SourceDate "2021.11.30"]
[SourceVersion "1"]
[SourceVersionDate "2021.11.30"]
[SourceQuality "1"]

1. d4 Nf6 2. c4 c5 3. d5 b5 4. Qc2 d6 5. Nf3 g6 6. e4 bxc4 7. Bxc4 Bg7 8. 0-0 0-0 9. h3 Ba6 10. Bg5 Bxc4 11. Qxc4 Qb6 12. Nc3 Nbd7 13. Rab1 Rab8 14. Rfe1 h6 15. Bh4 g5 16. Bg3 Nh5 17. Bh2 Nf4 18. h4 Ne5 19. Nxe5 Bxe5 20. g3 Ng6 21. h5 Nh8 22. f4 Bd4+ 23. Kh1 Qb7 24. g4 f6 25. b3 Qd7 26. f5 Rb4 27. Qd3 Nf7 28. a3 Rb7 29. Ne2 Be5 30. Bg1 Rfb8 31. Rec1 a5 32. a4 Rb4 33. Be3 Qb7 34. Nc3 Rxb3 35. Rxb3 Qxb3 36. Rb1 Qxc3 37. Rxb8+ Kg7 38. Qxc3 Bxc3 39. Re8 Ne5 40. Rxe7+ Kg8 41. Re6 Nxg4 42. Bg1 Be5 43. Re8+ Kf7 44. Ra8 Bc3 45. Ra7+ Ke8 46. Kg2 Ne5 47. Rh7 Nf7 48. Rg7 Kf8 49. Rg6 Ke7 50. Bh2 Kf8 51. Kf2 Bd4+ 52. Ke2 c4 53. Bg3 c3 54. Kd3 Ne5+ 55. Bxe5 Bxe5 56. Rxh6 Kg7 57. Rg6+ Kh7 58. h6 g4 59. Rxg4 Kxh6 60. Rg8 Kh5 61. Ra8 Kg4 62. Rxa5 Kf4 63. Ra6 c2 64. Rc6 1-0

[Event "Medellin Aristizabal Cup"]
[Site "Medellin"]
[Date "2019.06.24"]
[Round "7"]
[White "Ospina Castro, Santiago"]
[Black "Bermudez, Edilson Enrique"]
[Result "1-0"]
[WhiteElo "1903"]
[BlackElo "1615"]
[PlyCount "29"]
[EventDate "2019.06.21"]
[EventType "swiss"]
[EventRounds "7"]
[EventCountry "COL"]
[SourceTitle "EXT 2020"]
[Source "ChessBase"]
[SourceDate "2019.10.17"]
[SourceVersion "1"]
[SourceVersionDate "2019.10.17"]
[SourceQuality "1"]

1. e4 c6 2. Nc3 d5 3. Nf3 dxe4 4. Nxe4 Bf5 5. Ng3 Bg6 6. h4 h6 7. Ne5 Bh7 8. Qh5 g6 9. Qf3 Nf6 10. Qb3 e6 11. Qxb7 Nbd7 12. Nxc6 Qc8 13. Ba6 Nb6 14. Qxc8+ Nxc8 15. Bb7 1-0

[Event "Medellin Aristizabal Cup"]
[Site "Medellin"]
[Date "2019.06.21"]
[Round "1"]
[White "Bermudez, Edilson Enrique"]
[Black "Sierra Mejia, Juan Pablo"]
[Result "0-1"]
[WhiteElo "1615"]
[BlackElo "2172"]
[PlyCount "106"]
[EventDate "2019.06.21"]
[EventType "swiss"]
[EventRounds "7"]
[EventCountry "COL"]
[SourceTitle "EXT 2020"]
[Source "ChessBase"]
[SourceDate "2019.10.17"]
[SourceVersion "1"]
[SourceVersionDate "2019.10.17"]
[SourceQuality "1"]

1. d4 d5 2. c4 e6 3. Nc3 Nf6 4. Bg5 Nbd7 5. cxd5 exd5 6. e3 c6 7. Nf3 Be7 8. Be2 Nf8 9. 0-0 Bf5 10. Rc1 Ne6 11. Bh4 Ne4 12. Bxe7 Qxe7 13. Qa4 0-0 14. b4 a6 15. a3 Bg4 16. Qd1 Bxf3 17. Bxf3 f5 18. g3 Rf6 19. Bg2 Raf8 20. Qe2 Nxc3 21. Rxc3 Nxd4 22. Qb2 Nb5 23. Rc2 Nd6 24. a4 Nc4 25. Qb3 b5 26. axb5 axb5 27. Ra1 Qe5 28. Rca2 g5 29. Ra7 f4 30. Qd3 R6f7 31. exf4 gxf4 32. Qf3 Rxa7 33. Rxa7 Qe1+ 34. Bf1 Qxf1+ 35. Kxf1 Nd2+ 36. Kg2 Nxf3 37. Kxf3 fxg3+ 38. Kxg3 Rf7 39. Ra8+ Kg7 40. Rc8 Rf6 41. Kg4 Rxf2 42. Rxc6 Rb2 43. h4 Rxb4+ 44. Kh5 Rd4 45. Rc7+ Kf6 46. Rxh7 b4 47. Rh6+ Ke5 48. Rb6 Rc4 49. Kg5 d4 50. h5 d3 51. Rb8 d2 52. Re8+ Kd4 53. h6 Rc5+ 0-1

[Event "Medellin Aristizabal Cup"]
[Site "Medellin"]
[Date "2018.07.07"]
[Round "5"]
[White "Bermudez, Edilson Enrique"]
[Black "Lopez Guarin, Simon"]
[Result "1-0"]
[WhiteElo "1611"]
[BlackElo "1569"]
[PlyCount "72"]
[EventDate "2018.07.04"]
[EventType "swiss"]
[EventRounds "7"]
[EventCountry "COL"]
[SourceTitle "CBM 185 Extra"]
[Source "ChessBase"]
[SourceDate "2018.07.29"]
[SourceVersion "1"]
[SourceVersionDate "2018.07.29"]
[SourceQuality "1"]

1. d4 Nf6 2. c4 c5 3. d5 b5 4. cxb5 a6 5. bxa6 Bxa6 6. Nc3 d6 7. e4 Bxf1 8. Kxf1 g6 9. g3 Bg7 10. Nge2 0-0 11. Kg2 Nbd7 12. f4 Qb6 13. Qd3 Rfb8 14. Re1 Qc7 15. Nb5 Qb6 16. Nec3 Ng4 17. a4 c4 18. Qf3 h5 19. h3 Nh6 20. g4 hxg4 21. hxg4 f5 22. exf5 gxf5 23. g5 Ng4 24. Rxe7 Nc5 25. Be3 Bxc3 26. bxc3 Qd8 27. Rg7+ Kxg7 28. Bd4+ Kg6 29. Rh1 Rxa4 30. Qh3 Ra2+ 31. Kf3 Rh2 32. Rxh2 Nxh2+ 33. Qxh2 Rxb5 34. Qh6+ Kf7 35. g6+ Ke8 36. g7 Kd7 1-0

[Event "Medellin Aristizabal Cup"]
[Site "Medellin"]
[Date "2018.07.06"]
[Round "3"]
[White "Bermudez, Edilson Enrique"]
[Black "Paniagua, Fabio de Jesus"]
[Result "1/2-1/2"]
[WhiteElo "1611"]
[BlackElo "1801"]
[PlyCount "32"]
[EventDate "2018.07.04"]
[EventType "swiss"]
[EventRounds "7"]
[EventCountry "COL"]
[SourceTitle "CBM 185 Extra"]
[Source "ChessBase"]
[SourceDate "2018.07.29"]
[SourceVersion "1"]
[SourceVersionDate "2018.07.29"]
[SourceQuality "1"]

1. d4 Nf6 2. c4 e6 3. Nf3 d5 4. Nc3 Be7 5. Bg5 0-0 6. e3 Nbd7 7. c5 c6 8. Qa4 Re8 9. Bd3 Ng4 10. Bf4 e5 11. dxe5 Bxc5 12. Bg5 Qb6 13. Qc2 h6 14. Bf4 Ndxe5 15. Nxe5 Nxe5 16. Bxe5 Rxe5 1/2-1/2

[Event "Medellin Aristizabal Cup"]
[Site "Medellin"]
[Date "2018.07.04"]
[Round "1"]
[White "Bermudez, Edilson Enrique"]
[Black "Martinez, Mauricio"]
[Result "1-0"]
[WhiteElo "1611"]
[BlackElo "1947"]
[PlyCount "67"]
[EventDate "2018.07.04"]
[EventType "swiss"]
[EventRounds "7"]
[EventCountry "COL"]
[SourceTitle "CBM 185 Extra"]
[Source "ChessBase"]
[SourceDate "2018.07.29"]
[SourceVersion "1"]
[SourceVersionDate "2018.07.29"]
[SourceQuality "1"]

1. d4 Nf6 2. c4 e5 3. d5 c6 4. Nc3 Bb4 5. Bg5 cxd5 6. cxd5 Qa5 7. Bd2 Bxc3 8. Bxc3 Qxd5 9. Qxd5 Nxd5 10. Bxe5 0-0 11. 0-0-0 Nb6 12. Bd6 Re8 13. e3 Nc6 14. Nf3 f6 15. Nd4 a6 16. Bc7 Na4 17. Bc4+ Kh8 18. Bd6 b5 19. Bf7 Rd8 20. Bd5 Bb7 21. Rd2 Na5 22. Bxb7 Nxb7 23. Nb3 Nb6 24. Bg3 Rac8+ 25. Kb1 Nc5 26. Nxc5 Rxc5 27. b3 Kg8 28. Rd6 Rc6 29. Rxc6 dxc6 30. Bc7 Rd2 31. Bxb6 Rxf2 32. Rg1 Re2 33. g3 Kf7 34. h4 1-0